| 000 | 01125nam0a22003251 4500 | ||
|---|---|---|---|
| 001 | RU\INFOCOMM_322\NLR\5000165003 | ||
| 005 | 20250613110332.0 | ||
| 035 | _a(NLR Aleph) 009557415 | ||
| 090 |
_a9046769 _c9046769 |
||
| 100 | _a20130209d1968 |||y0rusy50 ca | ||
| 101 | 1 | _aeng | |
| 102 | _aRU | ||
| 105 | _ay z ||||| | ||
| 200 | 1 |
_aGrinding of metals _fV. Loskutov _gEngl. text ed. and rev. by Nicholas Weinstein |
|
| 210 |
_aM. _c"Higher school" _d[1968] |
||
| 215 |
_a492 с. _cил. _d22 см |
||
| 300 | _aНа переплете авт. не указан | ||
| 300 | _aНа доп. тит. л.: В. В. Лоскутов. Шлифовавние металлов | ||
| 309 | _aОтпечат. множит. аппаратом | ||
| 513 | 1 |
_aШлифовавние металлов _zrus |
|
| 620 | _aМосква | ||
| 686 |
_aТт-М-792 _2rubbk |
||
| 686 |
_a[К637.3] _2rubbk |
||
| 700 | 1 |
_9z01790 _aLoskutov _bV. V. _gVasilij Vasil'evič |
|
| 790 | 1 |
_9z01700 _aLoskutov _bV. _4070 |
|
| 801 | 1 |
_aRU _bInfocomm _c20130209 |
|
| 801 | 0 |
_aRU _bINFOCOMM _gPSBO |
|
| 852 |
_aNLR _jТ37 Д-5/21 |
||
| 942 | _cBOOK | ||
| 980 | _aNB | ||